Animales :D - Estadísticas

Estadísticas generales
  • Esta prueba ha sido intentada 107 veces
  • La puntuación promedio es 10 de 16
Estadísticas de respuestas
Imagen Respuesta % Correcto
Pulpo
98%
Leon
93%
Pez payaso
92%
Gato
89%
Perro
89%
Tigre
89%
Tucan
86%
Tiburon Martillo
84%
Jaguar
79%
Pez globo
69%
Emu
59%
Babuino
40%
Tiburon duende
20%
Aye-Aye
12%
Pez gota
8%
Pez duende
5%
No se encontraron pruebas coincidentes
Distribución de puntuación
Porcentaje de gente con cada puntuación
Porcentaje por número respondido
Historial de tus puntuaciones
No has intentado esta prueba.